LIBRARY & INFORMATION CENTRE, KCAET, TAVANUR

ONLINE PUBLIC ACCESS CATALOGUE (OPAC)

Specification for compressed preast cement concrete tiles for canal linings,IS:10646-1983 / (Record no. 4622)

MARC details
000 -LEADER
fixed length control field 00979cam a2200157ua 4500
041 ## - LANGUAGE CODE
Language code of text/sound track or separate title eng
082 ## - DEWEY DECIMAL CLASSIFICATION NUMBER
Classification number 626.823
Item number IND/SP
245 ## - TITLE STATEMENT
Title Specification for compressed preast cement concrete tiles for canal linings,IS:10646-1983 /
250 ## - EDITION STATEMENT
Edition statement 1 /
260 ## - PUBLICATION, DISTRIBUTION, ETC. (IMPRINT)
Place of publication New Delhi :
Name of publisher Indian standards institution ,
Year of publication 1984.
300 ## - PHYSICAL DESCRIPTION
Number of Pages 6 ; .
942 ## - ADDED ENTRY ELEMENTS (KOHA)
Koha item type Books
Holdings
Withdrawn status Lost status Damaged status Home library Current library Date acquired Full call number Accession Number Koha item type
      KAUAET   07/04/2012 626.823 17286 Books
free website counter